Constructionline: a review of current issues and future potential (Record no. 72715)

MARC details
000 -LEADER
fixed length control field 00977cam a2200229 4500
001 - CONTROL NUMBER
control field ABS66663
008 - FIXED-LENGTH DATA ELEMENTS--GENERAL INFORMATION
fixed length control field 030521n2003 000 0 eng u
035 ## - SYSTEM CONTROL NUMBER
System control number (Sirsi) u122357
100 ## - MAIN ENTRY--PERSONAL NAME
Personal name Steele, A.
245 ## - TITLE STATEMENT
Title Constructionline: a review of current issues and future potential
260 ## - PUBLICATION, DISTRIBUTION, ETC.
Date of publication, distribution, etc. 2003
490 ## - SERIES STATEMENT
Series statement Structural Survey
Volume/sequential designation 21(1) 2003, 16-21(6)
520 ## - SUMMARY, ETC.
Summary, etc. Reviews the early years of the operation of the 'one-stop' approved list for public sector construction work in the UK. The findings of questionnaire studies of clients and contractors/consultants suggest that a majority of users are satisfied with the system but that some fine-tuning is required to ensure further take-up of Constructionline. Tables. [Taken from journal abstract]
590 ## - LOCAL NOTE (RLIN)
Local note ABS
650 ## - SUBJECT ADDED ENTRY--TOPICAL TERM
Topical term or geographic name entry element CONSTRUCTIONLINE
650 ## - SUBJECT ADDED ENTRY--TOPICAL TERM
Topical term or geographic name entry element PUBLIC SECTOR
650 ## - SUBJECT ADDED ENTRY--TOPICAL TERM
Topical term or geographic name entry element APPROVED LIST OF CONTRACTORS
690 ## - LOCAL SUBJECT ADDED ENTRY--TOPICAL TERM (OCLC, RLIN)
Topical term or geographic name as entry element Procurement
9 (RLIN) 6260
700 ## - ADDED ENTRY--PERSONAL NAME
Personal name Todd, S.
700 ## - ADDED ENTRY--PERSONAL NAME
Personal name Sodhi, D.
942 ## - ADDED ENTRY ELEMENTS (KOHA)
Suppress in OPAC 0
Holdings
Withdrawn status Lost status Source of classification or shelving scheme Damaged status Not for loan Home library Current library Shelving location Date acquired Total Checkouts Full call number Barcode Date last seen Copy number Price effective from Koha item type
    Dewey Decimal Classification     London London Journal article 21/05/2003   ABS66663 122357-1001 06/08/2019 1 06/08/2019 Journal article